Da Sodoma a Hollywood : 7. Festival internazionale di film con tematiche omosessuali : omaggio a Jean Genet : [Torino, 7-13 aprile 1992] /

Saved in:
書目詳細資料
企業作者: Festival internazionale di film con tematiche omosessuali Torino
其他作者: Mai, Ottavio
格式: Conference Proceeding 圖書
語言:意大利语
出版: Torino : L'altra comunicazione, [1992]
標簽: 添加標簽
沒有標簽, 成為第一個標記此記錄!

MARC

LEADER 00000nam a22000007i 4500
001 IT\ICCU\UBO\3657350
003 ItRI
005 20260115232410.0
008 090626s1992 it |||||| ||||| |||||c
040 |b ita  |c importazione bologna sebina 
041 7 |a ita  |2 ISO-639-2 
111 2 |a Festival internazionale di film con tematiche omosessuali  |n  (7. :  |c Torino :  |d 1992)  |0 IT\ICCU\UBOV\345046 
245 0 0 |a Da Sodoma a Hollywood :  |b 7. Festival internazionale di film con tematiche omosessuali : omaggio a Jean Genet : [Torino, 7-13 aprile 1992] /  |c [catalogo a cura di Ottavio Mai ... et al.]. 
260 |a Torino :  |b L'altra comunicazione,  |c [1992] 
300 |a 93 p. :  |b ill. ;  |c 21 cm 
500 |a Sulla copertina: Ministero del turismo e dello spettacolo; L'altra comunicazione; Assessorato per la cultura Città di Torino ... [et al.] 
700 1 |a Mai, Ottavio  |0 IT\ICCU\BVEV\031294 
790 1 |a Mai, Ottavio Mario  |3 IT\ICCU\CFIV\329350  |z Mai, Ottavio 
942 |2 ddc  |c BK  |n 0 
952 |0 0  |1 0  |4 0  |6 DOC_791_436000000000000_FES  |7 0  |9 25428  |a BO  |b BO  |d 2026-01-15  |i 4098  |l 0  |o DOC 791.436 FES  |p BO4098  |r 2026-01-15 23:24:10  |w 2026-01-15  |x [Sebina 7] [1 v.]  |y BK  |z 1 v. 
999 |c 21588  |d 21588